000 01737nam a2200349 i 4500
001 768714001
003 CO-MdFUSB
005 20260423170637.0
007 ta
008 241119t2007 -us||||| ||| 001 0 spa d
020 _a978-0-8297-5134-5
040 _bspa.
_aCO-MdFUSB
_cCO-MdFUSB
_dCO-MdFUSBC
_erda
041 _aspa
082 _223
_a232
_bSI586
100 _aSilva-Silva, Darío,
_eautor
245 1 3 _aEl código Jesús :
_bel enigma resuelto
_c/ Darío Silva Silva.
264 1 _aMiami, Florida :
_bVida,
_c[2007]
264 4 _c©2007
300 _a239 páginas
_c; 20 cm
336 _2rdacontent
_atexto
_btxt
337 _2rdamedia
_asin mediación
_bn
338 _2rdacarrier
_avolumen
_bnc
500 _aIncluye índice
505 _aUna paloma sobre un cordero. -- De recaudador a tributario. -- El pescador pescado. -- Uno que es absolutamente otro. -- El Creador no es su creación. -- El asombro de Dios. -- Un paparazzi de Dios. -- ¿Tiene Dios una madre? -- Espíritu saciado en cuerpo hambriento. -- La muerte de la muerte. -- El altavoz del espíritu. -- La corona no hace al Rey. -- ¿Puede un hombre ser Dios? -- ¿Quién es Jesús para Jesús? -- Dios como hijo del hombre. -- El Proveedor es la misma provisión. -- Toda la luz en una lámpara. -- Opio del pueblo o vid verdadera. -- La triple clave de Tomás. -- El Carpintero es la puerta. -- Dios no quiso ser soltero. -- La anatomía de Cristo. -- El crucigrama eterno. -- Ordenador de claves.
563 _aRústica
653 _aJesucristo — Persona y obra Cristología
653 _aCristología
653 _aCristianismo — Doctrinas
653 _aApologética — Cristianismo
942 _cBK
945 _aCatherine Arias Alvarez
999 _c71242
_d71242